书目信息 |
| 书名: | Coal gasification and its applications = | |
| 作者: | David A Bell, Brian F Towler, Maohong Fan. | |
| 分册号: | ||
| 分册名: | 出版地: | 北京 : |
|
| 出版社: | 科学出版社 | |
| 出版时间: | 2011. | |
| 页数: | xi, 399 p. : | |
| 开本: | 25 cm. | |
| 丛书名: | ||
| 中图分类号: | ||
| 科图分类号: | ||
| 其他分类号: | TQ54 | |
| 主题词: | ||
| 电子资源: | ||
| 000 | 01009nam a2200313 a 4500 | |
| 001 | E1457080376 | |
| 005 | 20140402155243.85 | |
| 008 | 110916r20112011cc a b 001 0 eng d | |
| 020 | @a9787030312358 (hb.) :@cCNY128.00. | |
| 040 | @aRUC@cRUC | |
| 041 | 0 | @aeng@fchi |
| 090 | @aTQ54/X1 | |
| 093 | @aTQ54 @2 4 | |
| 093 | @aTQ54 @2 5 | |
| 099 | @dTQ54@ex11 | |
| 100 | 1 | @aBell, D. A.@q(David A.) |
| 245 | 10 | @aCoal gasification and its applications =@b煤气化及其应用 / @cDavid A Bell, Brian F Towler, Maohong Fan. |
| 246 | 31 | @a煤气化及其应用 |
| 260 | @a北京 :@b科学出版社,@c2011. | |
| 300 | @axi, 399 p. :@bill. ;@c25 cm. | |
| 490 | 0 | @a新能源技术应用系列 |
| 504 | @aIncludes bibliographical references and index. | |
| 534 | @pReprint. Originally published:@cAmsterdam. ; Oxford, U.K : William Andrew/Elsevier, c2011.@z9780815520498. | |
| 650 | 0 | @aCoal gasification. |
| 650 | 0 | @a煤气化 |
| 650 | 0 | @a煤气化@x化学工业 |
| 700 | 1 | @aTowler, Brian F. |
| 700 | 1 | @aFan, Maohong. |
| 920 | @a232010@z2 | |
| Coal gasification and its applications = : 煤气化及其应用 / / David A Bell, Brian F Towler, Maohong Fan.-北京 : : 科学出版社, , 2011. |
| xi, 399 p. : : ill. ; ; 25 cm.- (新能源技术应用系列) |
| Includes bibliographical references and index. |
| ISBN 9787030312358 (hb.) :CNY128.00. |
| ● |
| 相关链接 |
|
|
|
|
正题名:Coal gasification and its applications
索取号:TQ54/x11
 
预约/预借
| 序号 | 登录号 | 条形码 | 馆藏地/架位号 | 状态 | 备注 |
| 1 | 0018047 | 300180471 | 第二样本阅览室/ [索取号:TQ54/x11] | 在馆 | |
| 2 | 0018048 | 300180480 | 第四借阅区/ [索取号:TQ54/x11] | 在馆 | |
| 3 | 0018049 | 300180499 | 化学系资料室/ [索取号:TQ54/x11] | 在馆 |